| 000 | 00337nam a22001337a 4500 | ||
|---|---|---|---|
| 005 | 20250901165819.0 | ||
| 008 | 250408b |||||||| |||| 00| 0 eng d | ||
| 020 | _a9789966010964 | ||
| 050 | _aPL 8704 .A74 2007 | ||
| 245 |
_aKIELEZI CHA TUNGO _cAREGE TIMOTHY |
||
| 260 |
_aNAIROBI _bENGLISH PRESS LTD _c2007 |
||
| 300 | _a309 | ||
| 942 | _2lcc | ||
| 999 |
_c9555 _d9555 |
||